China's "second battlefield": (Record no. 1678481)

MARC details
000 -LEADER
fixed length control field 00698 a2200229 4500
005 - DATE AND TIME OF LATEST TRANSACTION
control field 20260410141803.0
008 - FIXED-LENGTH DATA ELEMENTS--GENERAL INFORMATION
fixed length control field 260410b |||||||| |||| 00| 0 eng d
020 ## - INTERNATIONAL STANDARD BOOK NUMBER
International Standard Book Number 978-93-5516-940-2
037 ## - SOURCE OF ACQUISITION
Terms of availability TB
040 ## - CATALOGING SOURCE
Original cataloging agency AL
Transcribing agency AL
041 ## - LANGUAGE CODE
Source of code eng
Language code of text/sound track or separate title eng
084 ## - COLON CLASSIFICATION NUMBER
Classification number MV41.41 R5
Assigning agency AL
100 ## - MAIN ENTRY--PERSONAL NAME
Personal name Choudhary, Shruti
9 (RLIN) 1113137
245 ## - TITLE STATEMENT
Title China's "second battlefield":
Remainder of title political warfare in combat operations
260 ## - PUBLICATION, DISTRIBUTION, ETC.
Place of publication, distribution, etc. New Delhi, India:
Name of publisher, distributor, etc. Sumit Enterprises,
Date of publication, distribution, etc. 2025.
300 ## - PHYSICAL DESCRIPTION
Extent 228p.
365 ## - TRADE PRICE
Price type code 1495
Price amount INR
650 ## - SUBJECT ADDED ENTRY--TOPICAL TERM
Topical term or geographic name entry element Military Science
650 ## - SUBJECT ADDED ENTRY--TOPICAL TERM
Topical term or geographic name entry element War
942 ## - ADDED ENTRY ELEMENTS (KOHA)
Koha item type Textbook
Source of classification or shelving scheme Colon Classification (CC)
Classification part MV41.41 R5
Holdings
Withdrawn status Lost status Source of classification or shelving scheme Damaged status Not for loan Home library Current library Date acquired Source of acquisition Cost, normal purchase price Inventory number Total Checkouts Full call number Barcode Date last seen Cost, replacement price Price effective from Koha item type
    Colon Classification (CC)     Arts Library Arts Library 2026-04-10 Prajana Books 1196.00 12 & 14/02/2026   MV41.41 R5 AL1805311 2026-02-18 1495.00 2026-02-18 Textbook
Copyright @ Delhi University Library System